000 01015nam a2200229Ii 4500
003 JO-AjNU
005 20240623114259.0
008 230605s9999||||xx |||||||||||||| ||und||
040 _aJO-AjNU
_bara
_erda
_cJO-AjNU
041 _aara
050 1 4 _aHG3368 2007
100 3 _aاعداد ابو صقر، وسيم ؛ اشراف: خالد امين عبدالله، احمد صبحي العيادي,
_eauthor
_941263
245 0 0 _aالمعالجة المحاسبية لادوات الاستثمار الاسلامي وفق معايير المحاسبة الاسلامية في المصارف المؤسسات المالية الاسلامية (البيوع)
264 3 1 _a2007
300 _a236 ورقة
336 _atext
_btxt
_2rdacontent
337 _aunmediated
_bn
_2rdamedia
338 _avolume
_bnc
_2rdacarrier
500 _aاطروحة دكتوراة ، يحتوي على ببلوغرافيا من ص 224-ص236
650 4 _aمحاسبة - ادوات استثمار اسلامي
_941264
942 _2lcc
_cTHS
999 _c21146
_d21146